Fitter / (Record no. 10889)
[ view plain ]
| 000 -LEADER | |
|---|---|
| fixed length control field | 00640cam a2200265ua 4500 |
| 041 ## - LANGUAGE CODE | |
| Language code of text/sound track or separate title | mal |
| 082 ## - DEWEY DECIMAL CLASSIFICATION NUMBER | |
| Classification number | 670.423 |
| Item number | ENG/FI |
| 100 ## - MAIN ENTRY--AUTHOR NAME | |
| Personal name | Engelberth, Greitz . |
| 245 ## - TITLE STATEMENT | |
| Title | Fitter / |
| 250 ## - EDITION STATEMENT | |
| Edition statement | 1 / |
| 260 ## - PUBLICATION, DISTRIBUTION, ETC. (IMPRINT) | |
| Place of publication | Thiruvananthapuram : |
| Name of publisher | State Instititute of Languages , |
| Year of publication | 1985. |
| 300 ## - PHYSICAL DESCRIPTION | |
| Number of Pages | 174 ; . |
| 942 ## - ADDED ENTRY ELEMENTS (KOHA) | |
| Koha item type | Books |
| Withdrawn status | Lost status | Damaged status | Home library | Current library | Date acquired | Full call number | Accession Number | Koha item type |
|---|---|---|---|---|---|---|---|---|
| KAUAET | KAUAET | 07/04/2012 | 670.423 | 13624 | Books | |||
| KAUAET | KAUAET | 07/04/2012 | 670.423 | 13803 | Books | |||
| KAUAET | KAUAET | 07/04/2012 | 670.423 | 13804 | Books | |||
| KAUAET | KAUAET | 07/04/2012 | 670.423 | 14135 | Books | |||
| KAUAET | KAUAET | 07/04/2012 | 670.423 | 14134 | Books | |||
| KAUAET | KAUAET | 07/04/2012 | 670.423 | 14132 | Books | |||
| KAUAET | KAUAET | 07/04/2012 | 670.423 | 14136 | Books | |||
| KAUAET | KAUAET | 07/04/2012 | 670.423 | 14133 | Books |
